000 01190nam a2200229 i 4500
003 DO-SdBNP
005 20250625093842.0
007 ta
008 250625b2024 dr ||||| |||| 00| 0 spa d
020 _a9789945801941
040 _aDO-SdBNP
_bspa
_cBNPHU
_erda
082 _axxx
_bD542
_222
100 1 _aDíaz, José
_eautor
_4aut.
_99448
245 1 0 _aDomislang :
_bthe dictionary /
_cJosé Díaz
250 _aPrimera edición
264 4 _a[Santo Domingo] :
_b[editor no identificado],
_c©2024.
300 _a255 páginas ;
_c23 cm.
520 _aEste libro es una guía completa para comprender el español dominicano y sus particularidades. Incluye: - Guía del Español Dominicano: Explicaciones detalladas sobre las diferencias de nuestro lenguaje con respecto a otros países. - El ciccionario: Palabras comunes usadas en la República Dominicana, con ejemplos, sinónimos, antónimos y explicaciones de su uso. - Frases Dominicanas: Frases y expresiones populares únicas de los dominicanos. - Palabras Vulgares: Términos que no suelen encontrarse en los diccionarios tradicionales.
590 _aInventariado, 2025/ YL
910 _aYLockward
942 _2ddc
_cLBS1
999 _c58680
_d58680